Condados de Irlanda con más de 100.000 habitantes (con mapa) - Estadísticas

Estadísticas generales
  • Esta prueba ha sido intentada 95 veces
  • La puntuación promedio es 8 de 15
Respuestas en el mapa
Las respuestas están codificadas por una escala verde-roja en el mapa de la prueba según el % correcto abajo.
 
Estadísticas de respuestas
Respuesta Population % Correcto
Dublín 1,347,359
96%
Cork 542,868
91%
Galway 258,058
74%
Limerick 194,899
66%
Waterford 116,176
55%
Wexford 149,722
52%
Mayo 130,507
51%
Donegal 159,192
45%
Kerry 147,707
43%
Clare 118,817
35%
Tipperary 159,553
35%
Wicklow 142,425
35%
Meath 195,044
33%
Louth 128,884
32%
Kildare 222,504
28%
No se encontraron pruebas coincidentes
Distribución de puntuación
Porcentaje de gente con cada puntuación
Porcentaje por número respondido
Historial de tus puntuaciones
No has intentado esta prueba.